000 00244 a2200097 4500
001 51498
100 _aTaylor J W R
245 _aJane's All the World's Aircraft (1984-85)
260 _aLondon
_bJane's Publishers Co.
_c
090 _c32622
_d32622
942 _aNUST-CAE
_cM
_c25139
999 _c286571
_d286571